African journal of international politics and diplomacy (Record no. 38048)

MARC details
000 -LEADER
fixed length control field 00523nam a2200169Ia 4500
022 ## - INTERNATIONAL STANDARD SERIAL NUMBER
ISSN 21418268
050 ## - CALL MARK
Classification number HC 1055 .A1 A36/
245 #0 - TITLE STATEMENT
Title African journal of international politics and diplomacy
260 ## - PUBLICATION, DISTRIBUTION, ETC. (IMPRINT)
Place of publication Ikot ekpene
260 ## - PUBLICATION, DISTRIBUTION, ETC. (IMPRINT)
Name of publisher Development Universal Consortia
260 ## - PUBLICATION, DISTRIBUTION, ETC. (IMPRINT)
Year of publication 2011
300 ## - PHYSICAL DESCRIPTION
Number of Pages volumes ; 21 cm.
650 ## - SUBJECT ADDED ENTRY--TOPICAL TERM
Topical Term Nigeria--Economic conditions--Periodicals. Nigeria--Politics and government--Periodicals.
942 ## - ADDED ENTRY ELEMENTS (KOHA)
Koha item type Serials

No items available.